| 000 | 00784cam a2200265 i 4500 | ||
|---|---|---|---|
| 001 | 848923 | ||
| 003 | ARRUPE | ||
| 005 | 20160920145432.0 | ||
| 008 | 781219s1978 enkb 000 0 eng | ||
| 010 | _a 78040205 | ||
| 015 | _aGB*** | ||
| 020 |
_a0049200569 : _c£5.50 |
||
| 040 |
_aDLC _cDLC _dDLC |
||
| 043 |
_af-rh--- _af-ug--- |
||
| 050 | 0 | 0 |
_aDT962.75 _b.H655 |
| 082 | 0 | 0 | _a968.9/1/04 |
| 100 | 1 |
_aHills, Denis _926004 |
|
| 245 | 1 | 0 |
_aRebel people / _cby Denis Hills. |
| 260 |
_aLondon ; _aBoston : _bGeorge Allen & Unwin, _c1978. |
||
| 300 |
_a248 p. : _bmaps ; _c23 cm. |
||
| 650 | 0 |
_aRhodesia, Southern _xPoliticis and goverment _926005 |
|
| 650 | 0 |
_aRhodesia, Southern _xHistory _926006 |
|
| 906 |
_a7 _bcbc _corignew _d2 _eocip _f19 _gy-gencatlg |
||
| 942 |
_2lcc _cMONOGRAPH |
||
| 999 |
_c125296 _d125296 |
||